Jongmyo jeryeak (Record no. 1100821)

MARC details
000 -LEADER
fixed length control field 00704nam a2200229Ia 4500
003 - CONTROL NUMBER IDENTIFIER
control field OSt
005 - DATE AND TIME OF LATEST TRANSACTION
control field 20221006153555.0
008 - FIXED-LENGTH DATA ELEMENTS--GENERAL INFORMATION
fixed length control field 221006b |||||||| |||| 00| 0 kor d
037 ## - SOURCE OF ACQUISITION
Terms of availability Video
040 ## - CATALOGING SOURCE
Original cataloging agency EASL
Transcribing agency EASL
Language of cataloging kor
041 ## - LANGUAGE CODE
Source of code kor
Language code of text/sound track or separate title kor
100 ## - MAIN ENTRY--PERSONAL NAME
Personal name National Centre for Koran Traditinal Preforming Arts
9 (RLIN) 664463
245 #0 - TITLE STATEMENT
Title Jongmyo jeryeak
Remainder of title Royal ancestral shrine music
260 ## - PUBLICATION, DISTRIBUTION, ETC.
Place of publication, distribution, etc. Seoul
Name of publisher, distributor, etc. NCKTPA
Date of publication, distribution, etc. 2004
300 ## - PHYSICAL DESCRIPTION
Extent CD
Dimensions cm.
650 ## - SUBJECT ADDED ENTRY--TOPICAL TERM
Topical term or geographic name entry element Music-Spritual
9 (RLIN) 664464
942 ## - ADDED ENTRY ELEMENTS (KOHA)
Koha item type Audio Visual Collection
Source of classification or shelving scheme Colon Classification (CC)
Holdings
Withdrawn status Lost status Source of classification or shelving scheme Damaged status Not for loan Home library Current library Date acquired Source of acquisition Total Checkouts Barcode Date last seen Price effective from Koha item type
    Colon Classification (CC)     Department of East Asian Studies Library Department of East Asian Studies Library 2022-10-06 Gift, Korean Embassy   EACD21 2022-10-06 2022-10-06 Audio Visual Collection
Copyright @ Delhi University Library System